Regions to Countries #2 - Statistics

General Stats
  • This quiz has been taken 44 times
    29 since last reset
  • The average score is 17 of 24
Answer Stats
Region Country % Correct
Sumatra Indonesia
96%
Zurich Switzerland
92%
Holland The Netherlands
92%
Transylvania Romania
88%
Salzburg Austria
84%
Anatolia Turkey
84%
Central Luzon The Philippines
80%
Crimea Ukraine
80%
East Midlands United Kingdom
80%
Kilimanjaro Tanzania
76%
Shiraz Iran
72%
Haifa Israel
72%
Umbria Italy
72%
Cuzco Peru
72%
Łódź Poland
72%
Da Nang Vietnam
72%
Lapland Finland
68%
Uppsala Sweden
68%
Zealand Denmark
64%
Sonora Mexico
56%
Siem Reap Cambodia
48%
Attica Greece
36%
Sarawak Malaysia
36%
Afar Ethiopia
12%
No matching quizzes found
Score Distribution
Percent of People with Each Score
Percentile by Number Answered
Your Score History
You have not taken this quiz since the last reset